Vista normal Vista MARC

Entrada Materia (personas)

Número de registros utilizados en: 3

001 - CONTROL NUMBER

  • control field: 81834

003 - CONTROL NUMBER IDENTIFIER

  • control field: Co-BoUCM

005 - DATE AND TIME OF LATEST TRANSACTION

  • control field: 20161115083646.0

008 - FIXED-LENGTH DATA ELEMENTS

  • fixed length control field: 161115|| aca||aabn | a|a d

040 ## - CATALOGING SOURCE

  • Original cataloging agency: Co-BoUCM
  • Transcribing agency: Co-BoUCM

100 ## - HEADING--PERSONAL NAME

  • Personal name: Herrera, Isidro

670 ## - SOURCE DATA FOUND

  • Source citation: Work cat.: (Co-BoUCM)63030: Benjamin, Walter 1892-1940 54524, Libro de los pasajes, 2005